[Event "SVK-ch Amateur"]
[Site "Topolcany"]
[Date "2020.07.10"]
[Round "1"]
[White "Gyurika, Tamas"]
[Black "Bodnar, Zoltan"]
[Result "1-0"]
[WhiteElo "1851"]
[BlackElo "2150"]
[PlyCount "47"]
[EventDate "2020.07.10"]
[EventType "swiss"]
[EventRounds "7"]
[EventCountry "SVK"]
[SourceTitle "EXT 2021"]
[Source "ChessBase"]
[SourceDate "2020.10.23"]
[SourceVersion "1"]
[SourceVersionDate "2020.10.23"]
[SourceQuality "1"]

1. e4 c6 2. d4 d5 3. exd5 cxd5 4. Bd3 Nc6 5. c3 Nf6 6. Bf4 Bg4 7. Qb3 Qd7 8. Nd2 e6 9. Ngf3 Bxf3 10. Nxf3 a6 11. 0-0 Nh5 12. Ne5 Qc7 13. Nxc6 Nxf4 14. Ne5 f6 15. g3 fxe5 16. gxf4 exf4 17. Rfe1 Qe7 18. Qb6 Kf7 19. Re5 Rc8 20. Rae1 Rc6 21. Qb3 Qd7 22. Bf5 exf5 23. Rxd5 Rg6+ 24. Kf1 1-0

[Event "HUN-chT2 Charousek 1819"]
[Site "Hungary"]
[Date "2019.02.10"]
[Round "7.6"]
[White "Csati, Oliver"]
[Black "Bodnar, Zoltan"]
[Result "1-0"]
[WhiteElo "2214"]
[BlackElo "2158"]
[PlyCount "89"]
[EventDate "2018.09.23"]
[EventType "team-tourn"]
[EventRounds "11"]
[EventCountry "HUN"]
[SourceTitle "CBM 189 Extra"]
[Source "ChessBase"]
[SourceDate "2019.06.03"]
[SourceVersion "1"]
[SourceVersionDate "2019.06.03"]
[SourceQuality "1"]
[WhiteTeam "Budapest HASE"]
[BlackTeam "Balatonfuered"]
[WhiteTeamCountry "HUN"]
[BlackTeamCountry "HUN"]

1. e4 c6 2. d4 d5 3. e5 Bf5 4. h4 h5 5. Nf3 e6 6. c3 Be7 7. Ng5 f6 8. Nf3 Nd7 9. Bd3 Bxd3 10. Qxd3 f5 11. Bg5 Nh6 12. Bxe7 Qxe7 13. Ng5 Nf7 14. Nxf7 Qxf7 15. Nd2 Nf8 16. a4 Nh7 17. f4 Nf8 18. b4 Qe7 19. Nb3 Nd7 20. g3 Kf7 21. 0-0 Rhc8 22. Nd2 b6 23. Rfb1 a5 24. b5 g6 25. c4 c5 26. cxd5 exd5 27. Nf3 c4 28. Qe2 Nf6 29. Ng5+ Kg8 30. Ra2 Ne4 31. Nxe4 fxe4 32. f5 Qf7 33. f6 Qe6 34. Qe3 Kh7 35. Rf1 Ra7 36. Rg2 Rac7 37. g4 hxg4 38. Qg5 Qf7 39. Rxg4 Rg8 40. Kg2 Kh8 41. Rh1 Qe6 42. h5 Qxg4+ 43. Qxg4 gxh5 44. Rxh5+ Rh7 45. Rg5 1-0

[Event "HUN-chT2 Charousek 1415"]
[Site "Hungary"]
[Date "2015.04.26"]
[Round "9"]
[White "Kende, Gyorgy"]
[Black "Bodnar, Zoltan"]
[Result "1/2-1/2"]
[WhiteElo "2122"]
[BlackElo "2164"]
[PlyCount "30"]
[EventDate "2014.10.12"]
[EventType "team-tourn"]
[EventRounds "9"]
[EventCountry "HUN"]
[SourceTitle "EXT 2016"]
[Source "ChessBase"]
[SourceDate "2015.10.08"]
[SourceVersion "1"]
[SourceVersionDate "2015.10.08"]
[SourceQuality "1"]
[WhiteTeam "Biatorbagy"]
[BlackTeam "Balatonfuered"]
[WhiteTeamCountry "HUN"]
[BlackTeamCountry "HUN"]

1. e4 c6 2. d3 e5 3. Nf3 d6 4. Nc3 Nf6 5. g3 g6 6. Bg2 Bg7 7. 0-0 0-0 8. Re1 b5 9. Bg5 h6 10. Bd2 Ne8 11. a4 b4 12. Ne2 a5 13. c3 c5 14. d4 Bg4 15. h3 Bxf3 1/2-1/2

[Event "HUN-chT2 Charousek 1415"]
[Site "Hungary"]
[Date "2014.11.16"]
[Round "2"]
[White "Amrein, Roland"]
[Black "Bodnar, Zoltan"]
[Result "0-1"]
[WhiteElo "2266"]
[BlackElo "2164"]
[PlyCount "76"]
[EventDate "2014.10.12"]
[EventType "team-tourn"]
[EventRounds "9"]
[EventCountry "HUN"]
[SourceTitle "EXT 2016"]
[Source "ChessBase"]
[SourceDate "2015.10.08"]
[SourceVersion "1"]
[SourceVersionDate "2015.10.08"]
[SourceQuality "1"]
[WhiteTeam "Komlo"]
[BlackTeam "Balatonfuered"]
[WhiteTeamCountry "HUN"]
[BlackTeamCountry "HUN"]

1. e4 c6 2. d4 d5 3. e5 Bf5 4. Nf3 e6 5. Be2 c5 6. Be3 cxd4 7. Nxd4 Ne7 8. Nd2 Nbc6 9. N2f3 a6 10. 0-0 Rc8 11. Rc1 Be4 12. c4 dxc4 13. Bxc4 Nxd4 14. Nxd4 Qa5 15. f3 Bc6 16. f4 Bd5 17. Nb3 Qd8 18. Bxd5 Nxd5 19. Bd4 Rxc1 20. Qxc1 Be7 21. f5 exf5 22. Rxf5 Qc7 23. Qe1 0-0 24. Qe4 Qc6 25. h4 Qe6 26. Bf2 Nf6 27. Qf3 Nd7 28. Nd4 Qxa2 29. Qxb7 Qa4 30. Nc6 Qd1+ 31. Kh2 Bc5 32. Bxc5 Nxc5 33. Ne7+ Kh8 34. Rxf7 Rd8 35. Nf5 Nxb7 36. e6 Qd5 37. Nd4 Qxd4 38. e7 Qxh4+ 0-1

[Event "Budapest Art Pub Cup 3rd"]
[Site "Budapest"]
[Date "2014.01.05"]
[Round "7"]
[White "Bodnar, Zoltan"]
[Black "Palvolgyi, Istvan"]
[Result "1/2-1/2"]
[WhiteElo "2170"]
[BlackElo "2038"]
[PlyCount "59"]
[EventDate "2014.01.02"]
[EventType "swiss"]
[EventRounds "7"]
[EventCountry "HUN"]
[SourceTitle "CBM 158 Extra"]
[Source "ChessBase"]
[SourceDate "2014.02.28"]
[SourceVersion "1"]
[SourceVersionDate "2014.02.28"]
[SourceQuality "1"]

1. d4 Nf6 2. c4 g6 3. Nc3 Bg7 4. e4 d6 5. h3 c6 6. Nf3 0-0 7. Bg5 Qc7 8. Bd3 e5 9. d5 Nbd7 10. 0-0 Nh5 11. Bc2 h6 12. Be7 Re8 13. dxc6 bxc6 14. Bxd6 Qd8 15. Ba4 Bb7 16. Qb3 Qc8 17. Rfd1 Nf4 18. Qb4 a5 19. Qa3 Nb6 20. Qc5 Ra6 21. b3 Nd7 22. Qe3 g5 23. Rac1 Nf8 24. Kh2 N8g6 25. Nb5 Nxg2 26. Kxg2 Nf4+ 27. Kg1 Qxh3 28. Ne1 Qg4+ 29. Kh1 Qh5+ 30. Kg1 1/2-1/2

[Event "Budapest Art Pub Cup 3rd"]
[Site "Budapest"]
[Date "2014.01.04"]
[Round "4"]
[White "Nemeth, Miklos"]
[Black "Bodnar, Zoltan"]
[Result "0-1"]
[WhiteElo "2082"]
[BlackElo "2170"]
[PlyCount "70"]
[EventDate "2014.01.02"]
[EventType "swiss"]
[EventRounds "7"]
[EventCountry "HUN"]
[SourceTitle "CBM 158 Extra"]
[Source "ChessBase"]
[SourceDate "2014.02.28"]
[SourceVersion "1"]
[SourceVersionDate "2014.02.28"]
[SourceQuality "1"]

1. e4 c6 2. Nc3 d5 3. Nf3 dxe4 4. Nxe4 Nf6 5. Nxf6+ exf6 6. d4 Bd6 7. Be3 0-0 8. Qd2 Re8 9. 0-0-0 Be6 10. Kb1 b5 11. d5 Bxd5 12. Bxb5 Be7 13. Bd3 Qc8 14. c4 Be6 15. Qc2 g6 16. h4 Na6 17. Nd4 Nb4 18. Qc3 Qa6 19. a3 Nxd3 20. Nxe6 Nxb2 21. Kxb2 fxe6 22. h5 Rab8+ 23. Ka2 Bxa3 24. Qxa3 Qxc4+ 25. Ka1 Rb3 26. Qa5 Rb4 27. Rc1 Ra4+ 28. Qxa4 Qxa4+ 29. Kb2 Rb8+ 30. Kc3 Rb3+ 31. Kd2 Rb2+ 32. Ke1 Qb5 33. Bd2 Qd3 34. Rd1 Rxd2 35. Rxd2 Qe4+ 0-1

[Event "Budapest Art Pub Cup 3rd"]
[Site "Budapest"]
[Date "2014.01.03"]
[Round "2"]
[White "Berta, Sandor Martin"]
[Black "Bodnar, Zoltan"]
[Result "0-1"]
[WhiteElo "1990"]
[BlackElo "2170"]
[PlyCount "64"]
[EventDate "2014.01.02"]
[EventType "swiss"]
[EventRounds "7"]
[EventCountry "HUN"]
[SourceTitle "CBM 158 Extra"]
[Source "ChessBase"]
[SourceDate "2014.02.28"]
[SourceVersion "1"]
[SourceVersionDate "2014.02.28"]
[SourceQuality "1"]

1. Nf3 d5 2. g3 c5 3. c4 Nf6 4. Bg2 Nc6 5. 0-0 e5 6. cxd5 Nxd5 7. d3 Be7 8. Nc3 Nc7 9. a3 0-0 10. Bd2 Bd7 11. Rc1 Rc8 12. Ne4 b6 13. Bc3 f6 14. e3 Kh8 15. d4 cxd4 16. exd4 Bg4 17. dxe5 Qxd1 18. Rfxd1 fxe5 19. Rd3 Nb5 20. h3 Bxf3 21. Bxf3 Ncd4 22. Bg4 Rc4 23. Re1 Nc2 24. Red1 Rxe4 25. Bf3 Nxc3 26. Rxc3 Rd4 27. Rc1 Rd2 28. Kg2 Nd4 29. Rc8 Nxf3 30. Rxf8+ Bxf8 31. Rc8 Kg8 32. Kxf3 Rxb2 0-1

[Event "Budapest Art Pub Cup 3rd"]
[Site "Budapest"]
[Date "2014.01.03"]
[Round "3"]
[White "Bodnar, Zoltan"]
[Black "Terbe, Zsuzsanna"]
[Result "1/2-1/2"]
[WhiteElo "2170"]
[BlackElo "2003"]
[PlyCount "73"]
[EventDate "2014.01.02"]
[EventType "swiss"]
[EventRounds "7"]
[EventCountry "HUN"]
[SourceTitle "CBM 158 Extra"]
[Source "ChessBase"]
[SourceDate "2014.02.28"]
[SourceVersion "1"]
[SourceVersionDate "2014.02.28"]
[SourceQuality "1"]

1. d4 Nf6 2. c4 g6 3. Nc3 Bg7 4. e4 d6 5. h3 0-0 6. Bg5 h6 7. Be3 e5 8. d5 Ne8 9. g4 f5 10. gxf5 gxf5 11. exf5 Bxf5 12. Nge2 Nd7 13. Ng3 Bg6 14. h4 Nef6 15. h5 Bh7 16. Bh3 Nc5 17. Bf5 Kh8 18. Bxh7 Nxh7 19. Nge4 Nxe4 20. Nxe4 Rf7 21. Qd2 Qf8 22. 0-0-0 Nf6 23. Nxf6 Rxf6 24. Rdg1 Qf7 25. Rg6 Rxg6 26. hxg6 Qxg6 27. Bxh6 Kg8 28. Bxg7 Kxg7 29. f4 Qe4 30. Rg1+ Kf7 31. fxe5 Qxe5 32. Rf1+ Kg6 33. Qd3+ Kg7 34. Rg1+ Kf8 35. Qf3+ Ke7 36. Qf2 Rf8 37. Qh4+ 1/2-1/2

[Event "Liberec op 14th"]
[Site "Liberec"]
[Date "2013.10.30"]
[Round "6"]
[White "Naslund, Mikael"]
[Black "Bodnar, Zoltan"]
[Result "1-0"]
[WhiteElo "2137"]
[BlackElo "2200"]
[PlyCount "59"]
[EventDate "2013.10.26"]
[EventType "swiss"]
[EventRounds "9"]
[EventCountry "CZE"]
[SourceTitle "EXT 2014"]
[Source "ChessBase"]
[SourceDate "2013.11.20"]
[SourceVersion "1"]
[SourceVersionDate "2013.11.20"]
[SourceQuality "1"]

1. d4 d5 2. c4 e6 3. Nc3 Nf6 4. Nf3 c6 5. e3 Nbd7 6. Bd3 Bd6 7. 0-0 0-0 8. e4 dxe4 9. Nxe4 Nxe4 10. Bxe4 f5 11. Bc2 h6 12. Re1 Nf6 13. Bd2 Qc7 14. Bc3 b5 15. b3 a5 16. Bd3 Bd7 17. Rc1 b4 18. Bb2 Rae8 19. Rc2 Qd8 20. Rce2 Nh5 21. g3 Nf6 22. Ne5 Nh7 23. Nxd7 Qxd7 24. d5 cxd5 25. cxd5 Ng5 26. Rxe6 Nxe6 27. dxe6 Qe7 28. h4 Rd8 29. Qf3 f4 30. Qe4 1-0

[Event "Liberec op 14th"]
[Site "Liberec"]
[Date "2013.10.28"]
[Round "3"]
[White "Bodnar, Zoltan"]
[Black "Svec, Ludek"]
[Result "1-0"]
[WhiteElo "2200"]
[BlackElo "1763"]
[PlyCount "39"]
[EventDate "2013.10.26"]
[EventType "swiss"]
[EventRounds "9"]
[EventCountry "CZE"]
[SourceTitle "EXT 2014"]
[Source "ChessBase"]
[SourceDate "2013.11.20"]
[SourceVersion "1"]
[SourceVersionDate "2013.11.20"]
[SourceQuality "1"]

1. d4 Nf6 2. c4 e6 3. Nc3 d5 4. Bg5 Nbd7 5. e3 c6 6. cxd5 exd5 7. Nf3 Be7 8. Bd3 0-0 9. Qc2 h6 10. Bf4 Re8 11. h3 a6 12. 0-0 c5 13. dxc5 Nxc5 14. Bf5 Bd6 15. Rfd1 Bxf4 16. exf4 Ne6 17. Qd2 Qc7 18. g3 Nxf4 19. Bxc8 Nxh3+ 20. Bxh3 1-0

[Event "HUN-chT2 Charousek 1213"]
[Site "Hungary"]
[Date "2013.04.21"]
[Round "11"]
[White "Glatt, Gabor"]
[Black "Bodnar, Zoltan"]
[Result "1/2-1/2"]
[WhiteElo "2294"]
[BlackElo "2194"]
[PlyCount "49"]
[EventDate "2012.09.16"]
[EventType "team-tourn"]
[EventRounds "11"]
[EventCountry "HUN"]
[SourceTitle "EXT 2014"]
[Source "ChessBase"]
[SourceDate "2013.11.20"]
[SourceVersion "1"]
[SourceVersionDate "2013.11.20"]
[SourceQuality "1"]
[WhiteTeam "MLTC II"]
[BlackTeam "Balatonfuered"]
[WhiteTeamCountry "HUN"]
[BlackTeamCountry "HUN"]

1. e4 c6 2. d4 d5 3. e5 Bf5 4. Nf3 e6 5. Be2 c5 6. 0-0 Nc6 7. Be3 cxd4 8. Nxd4 Nxd4 9. Bxd4 Ne7 10. c4 Bxb1 11. Rxb1 dxc4 12. Bxc4 a6 13. Qg4 Rc8 14. Bb3 Nf5 15. Bc3 Bc5 16. Rbd1 Qc7 17. Bc2 h5 18. Qa4+ Qc6 19. Qxc6+ bxc6 20. Bd3 Ra8 21. Be4 Ne7 22. Rd2 a5 23. Rc1 Nd5 24. Rdc2 0-0 25. Kf1 1/2-1/2

[Event "HUN-chT2 Charousek 1213"]
[Site "Hungary"]
[Date "2013.02.17"]
[Round "7"]
[White "Bodnar, Zoltan"]
[Black "Ezsol, Miklos"]
[Result "1/2-1/2"]
[WhiteElo "2194"]
[BlackElo "2363"]
[PlyCount "55"]
[EventDate "2012.09.16"]
[EventType "team-tourn"]
[EventRounds "11"]
[EventCountry "HUN"]
[SourceTitle "EXT 2014"]
[Source "ChessBase"]
[SourceDate "2013.11.20"]
[SourceVersion "1"]
[SourceVersionDate "2013.11.20"]
[SourceQuality "1"]
[WhiteTeam "Balatonfuered"]
[BlackTeam "Gyor"]
[WhiteTeamCountry "HUN"]
[BlackTeamCountry "HUN"]

1. d4 d5 2. c4 e6 3. Nf3 Be7 4. Nc3 Nf6 5. Bg5 0-0 6. e3 b6 7. cxd5 exd5 8. Qc2 c5 9. Bd3 h6 10. Bh4 Nc6 11. a3 cxd4 12. Nb5 Bd7 13. Nbxd4 Rc8 14. Nxc6 Rxc6 15. Qb3 Rc5 16. 0-0 Ne4 17. Bxe7 Qxe7 18. Qb4 Rfc8 19. Qd4 Ng5 20. Nxg5 Qxg5 21. h4 Qh5 22. b4 Rc3 23. Rfd1 Be6 24. Qf4 f6 25. Ba6 Rd8 26. Rdc1 Qe5 27. Qd4 Qxd4 28. exd4 1/2-1/2

[Event "HUN-chT2 Charousek 1213"]
[Site "Hungary"]
[Date "2012.11.04"]
[Round "3"]
[White "Bodnar, Zoltan"]
[Black "Molnar, Bela"]
[Result "1/2-1/2"]
[WhiteElo "2194"]
[BlackElo "2337"]
[PlyCount "237"]
[EventDate "2012.09.16"]
[EventType "team-tourn"]
[EventRounds "11"]
[EventCountry "HUN"]
[SourceTitle "EXT 2014"]
[Source "ChessBase"]
[SourceDate "2013.11.20"]
[SourceVersion "1"]
[SourceVersionDate "2013.11.20"]
[SourceQuality "1"]
[WhiteTeam "Balatonfuered"]
[BlackTeam "Paks II"]
[WhiteTeamCountry "HUN"]
[BlackTeamCountry "HUN"]

1. d4 Nf6 2. c4 d6 3. Nc3 Nbd7 4. e4 e5 5. Nf3 g6 6. Bg5 h6 7. Be3 Bg7 8. Be2 0-0 9. 0-0 exd4 10. Nxd4 Re8 11. f3 c6 12. Qd2 h5 13. Nc2 Ne5 14. Rad1 Be6 15. b3 Qa5 16. Nd5 Qxd2 17. Nxf6+ Bxf6 18. Rxd2 Be7 19. Nd4 Bc8 20. h3 a5 21. f4 Nd7 22. Nf3 Bf8 23. Bd3 f5 24. Bc2 d5 25. cxd5 Nf6 26. d6 fxe4 27. Ne5 Bf5 28. d7 Red8 29. Bb6 Bb4 30. Bxd8 Rxd8 31. Re2 h4 32. Rd1 Nd5 33. Bxe4 Nxf4 34. Bxf5 Nxe2+ 35. Kf2 Nc3 36. Be6+ Kg7 37. Rd3 Ne4+ 38. Ke2 Nc5 39. Rd6 Bc3 40. Nf3 Bf6 41. Bg4 Kf7 42. Rd1 Ke7 43. Nd4 Nxd7 44. Nc2 Ne5 45. Rxd8 Kxd8 46. Be6 Kc7 47. Ne3 Kd6 48. Bc8 Kc7 49. Be6 Nd7 50. Bf7 g5 51. Nc4 b5 52. Nd2 Ne5 53. Bh5 c5 54. Nf3 Nc6 55. Bg6 Nb4 56. Bb1 Nd5 57. Kd2 Nf4 58. Ne1 Kd6 59. Be4 c4 60. bxc4 bxc4 61. Nc2 Kc5 62. Bf3 Bd4 63. Be4 Nd5 64. Bxd5 Kxd5 65. Ke2 Ke4 66. Na3 c3 67. Nc2 Bc5 68. Ne1 Be3 69. Nc2 Bd2 70. Na3 Be3 71. Nc2 Bc5 72. Ne1 Bb6 73. Nc2 Bd8 74. Ne1 Be7 75. Nc2 a4 76. Ne1 Kd4 77. Nc2+ Ke4 78. Ne1 Bc5 79. Nc2 Ba7 80. Ne1 Kd4 81. Nc2+ Ke4 82. Ne1 Bb6 83. Nc2 Bc5 84. Ne1 Kd4 85. Nf3+ Kc4 86. Ne5+ Kd5 87. Nf3 Be7 88. Kd3 Bf6 89. Ne1 Ke5 90. Ke2 Ke4 91. Nc2 Be5 92. Ne1 Bf4 93. Nc2 Bc1 94. Kd1 Be3 95. Ke2 Bd2 96. Na3 Bc1 97. Nc2 Kf4 98. Ne1 Kg3 99. Kf1 Be3 100. Nc2 Bd2 101. Nd4 Kf4 102. Ke2 Ke4 103. Nc2 Bf4 104. Ne1 Kd4 105. Nc2+ Ke4 106. Ne1 Bd6 107. Nc2 Bc5 108. Ne1 Bb6 109. Nc2 Ke5 110. Kd3 Kf4 111. Ke2 g4 112. hxg4 Kxg4 113. Ne1 Bc5 114. Nc2 Kf4 115. Ne1 Ke4 116. Nc2 a3 117. Ne1 Kd4 118. Nf3+ Kc4 119. Ne5+ 1/2-1/2

[Event "HUN-chT2 Charousek 1112"]
[Site "Hungary"]
[Date "2012.05.06"]
[Round "10"]
[White "Bodnar, Zoltan"]
[Black "Kadlicsko, Jozsef"]
[Result "1/2-1/2"]
[WhiteElo "2196"]
[BlackElo "2109"]
[PlyCount "72"]
[EventDate "2011.09.25"]
[EventType "team-tourn"]
[EventRounds "11"]
[EventCountry "HUN"]
[SourceTitle "EXT 2013"]
[Source "ChessBase"]
[SourceDate "2012.11.22"]
[SourceVersion "1"]
[SourceVersionDate "2012.11.22"]
[SourceQuality "1"]
[WhiteTeam "Balatonfuered"]
[BlackTeam "Fehervar"]
[WhiteTeamCountry "HUN"]
[BlackTeamCountry "HUN"]

1. d4 e6 2. c4 Nf6 3. Nc3 d5 4. cxd5 exd5 5. Bg5 Nbd7 6. e3 c6 7. Bd3 h6 8. Bf4 Be7 9. h3 0-0 10. Nf3 Re8 11. Qc2 a6 12. 0-0 Nf8 13. Rab1 g5 14. Be5 g4 15. hxg4 Nxg4 16. Bf5 h5 17. Bxc8 Qxc8 18. e4 Qd7 19. exd5 cxd5 20. Qb3 Rad8 21. Qa4 Qe6 22. Bc7 b5 23. Qb3 Rd7 24. Rbe1 Qc6 25. Bf4 Ng6 26. Bg5 Red8 27. Bxe7 Rxe7 28. Rxe7 Nxe7 29. Re1 Ng6 30. a4 bxa4 31. Qxa4 Qd6 32. Qa3 Qf6 33. Nd1 Qf4 34. Qa5 Rd6 35. Qd2 Rb6 36. Qxf4 Nxf4 1/2-1/2

[Event "HUN-chT2 Charousek 1112"]
[Site "Hungary"]
[Date "2011.11.27"]
[Round "4"]
[White "Bodnar, Zoltan"]
[Black "Berta, Tibor"]
[Result "1/2-1/2"]
[WhiteElo "2196"]
[BlackElo "2053"]
[PlyCount "80"]
[EventDate "2011.09.25"]
[EventType "team-tourn"]
[EventRounds "11"]
[EventCountry "HUN"]
[SourceTitle "EXT 2013"]
[Source "ChessBase"]
[SourceDate "2012.11.22"]
[SourceVersion "1"]
[SourceVersionDate "2012.11.22"]
[SourceQuality "1"]
[WhiteTeam "Balatonfuered"]
[BlackTeam "Paks II"]
[WhiteTeamCountry "HUN"]
[BlackTeamCountry "HUN"]

1. d4 Nf6 2. c4 e6 3. Nc3 Bb4 4. f3 d5 5. a3 Bxc3+ 6. bxc3 0-0 7. cxd5 exd5 8. e3 Bf5 9. Ne2 Re8 10. g4 Be6 11. Nf4 c5 12. h4 Nc6 13. g5 Nd7 14. Bd3 Nf8 15. Ra2 cxd4 16. cxd4 Qd7 17. Qc2 Rac8 18. Qb1 Na5 19. Rb2 Rc7 20. 0-0 a6 21. Bd2 Nc6 22. Rc1 Rec8 23. Kg2 Qe7 24. Rc5 Qd7 25. Rbc2 Nd8 26. Rxc7 Rxc7 27. Rxc7 Qxc7 28. Bb4 g6 29. h5 Qd7 30. Qc2 Nc6 31. Bxf8 Kxf8 32. hxg6 hxg6 33. Qc5+ Kg7 34. Bc2 Qd8 35. Nxe6+ fxe6 36. f4 Qa5 37. Qxa5 Nxa5 38. Kf2 Nc4 39. a4 Nd6 40. Ke2 Kf7 1/2-1/2

[Event "HUN-chT2 Charousek 1011"]
[Site "Hungary"]
[Date "2011.05.01"]
[Round "10"]
[White "Karsa, Laszlo"]
[Black "Bodnar, Zoltan"]
[Result "1-0"]
[WhiteElo "2332"]
[BlackElo "2195"]
[PlyCount "81"]
[EventDate "2010.09.12"]
[EventType "team-tourn"]
[EventRounds "11"]
[EventCountry "HUN"]
[SourceTitle "EXT 2012"]
[Source "ChessBase"]
[SourceDate "2011.11.24"]
[SourceVersion "1"]
[SourceVersionDate "2011.11.24"]
[SourceQuality "1"]
[WhiteTeam "Pannonpower"]
[BlackTeam "Balatonfuered"]
[WhiteTeamCountry "HUN"]
[BlackTeamCountry "HUN"]

1. Nf3 d5 2. g3 c6 3. Bg2 Nf6 4. 0-0 Bf5 5. b3 Nbd7 6. Bb2 Qc7 7. d3 a5 8. c4 e6 9. Nc3 Bb4 10. a3 Bxc3 11. Bxc3 0-0 12. Qc1 Qb6 13. b4 axb4 14. axb4 Bg4 15. c5 Qc7 16. Qb2 Bxf3 17. Bxf3 e5 18. Rxa8 Rxa8 19. Ra1 Rxa1+ 20. Qxa1 Qb8 21. Bg2 Kf8 22. e3 h6 23. Bh3 Ke7 24. Kg2 g5 25. Bf5 g4 26. Qa5 h5 27. h4 Ne8 28. b5 Ng7 29. Bxd7 Kxd7 30. Qb6 Qa8 31. Bxe5 Ne6 32. e4 dxe4 33. dxe4 Ke7 34. Bd6+ Kd7 35. bxc6+ bxc6 36. Qb2 Qe8 37. Qb7+ Kd8 38. Be5 Qe7 39. Qxc6 Qd7 40. Bf6+ Ke8 41. Qa8+ 1-0

[Event "HUN-chT2 Charousek 1011"]
[Site "Hungary"]
[Date "2010.11.21"]
[Round "6.6"]
[White "Bodnar, Zoltan"]
[Black "Sipos, Janos"]
[Result "1-0"]
[WhiteElo "2195"]
[BlackElo "2314"]
[PlyCount "124"]
[EventDate "2010.09.12"]
[EventType "team-tourn"]
[EventRounds "11"]
[EventCountry "HUN"]
[SourceTitle "EXT 2012"]
[Source "ChessBase"]
[SourceDate "2011.11.24"]
[SourceVersion "1"]
[SourceVersionDate "2011.11.24"]
[SourceQuality "1"]
[WhiteTeam "Balatonfuered"]
[BlackTeam "Aquaprofit II"]
[WhiteTeamCountry "HUN"]
[BlackTeamCountry "HUN"]

1. d4 e6 2. c4 b6 3. Nc3 Bb7 4. Nf3 Nf6 5. Bg5 h6 6. Bxf6 Qxf6 7. a3 d5 8. cxd5 exd5 9. Qa4+ Qc6 10. Qxc6+ Nxc6 11. e3 0-0-0 12. h4 Be7 13. Bb5 a6 14. Ba4 Na5 15. Ne5 Rhf8 16. b4 Nc4 17. Nc6 Rd7 18. Nxd5 Bd6 19. Na7+ Kd8 20. Nc6+ Ke8 21. Nb8 b5 22. Nxd7 Kxd7 23. Nc3 bxa4 24. Nxa4 Nxa3 25. Rxa3 Bxb4+ 26. Rc3 Bxg2 27. Rg1 Bc6 28. Nc5+ Kd6 29. Kd2 g6 30. Nxa6 Bxc3+ 31. Kxc3 Ra8 32. Nb4 Be4 33. Rg4 Bf5 34. Rf4 Ra3+ 35. Kb2 Ra5 36. e4 Be6 37. d5 Ke5 38. Nd3+ Kd4 39. dxe6 fxe6 40. Kc2 Ra2+ 41. Nb2 e5 42. Rf6 Kxe4 43. Rxg6 Kf3 44. Rf6+ Kg2 45. h5 e4 46. Rxh6 Kxf2 47. Rf6+ Kg3 48. h6 Ra1 49. h7 Rh1 50. Rf7 Kg4 51. Nc4 c5 52. Kd2 Rh3 53. Ke2 Kg5 54. Ne5 e3 55. Kd3 c4+ 56. Nxc4 Rh6 57. Ne5 Rh3 58. Ke2 Rh2+ 59. Kxe3 Rh3+ 60. Kd4 Rh6 61. Kc5 Rh5 62. Rg7+ Kh4 1-0

[Event "HUN-chT2 Charousek 1011"]
[Site "Hungary"]
[Date "2010.09.12"]
[Round "1"]
[White "Farkas, Zsolt"]
[Black "Bodnar, Zoltan"]
[Result "1-0"]
[WhiteElo "2195"]
[BlackElo "2195"]
[PlyCount "125"]
[EventDate "2010.09.12"]
[EventType "team-tourn"]
[EventRounds "11"]
[EventCountry "HUN"]
[SourceTitle "EXT 2012"]
[Source "ChessBase"]
[SourceDate "2011.11.24"]
[SourceVersion "1"]
[SourceVersionDate "2011.11.24"]
[SourceQuality "1"]
[WhiteTeam "Csuti II"]
[BlackTeam "Balatonfuered"]
[WhiteTeamCountry "HUN"]
[BlackTeamCountry "HUN"]

1. e4 c5 2. Nf3 d6 3. d4 cxd4 4. Nxd4 Nf6 5. Nc3 a6 6. Bg5 e6 7. f4 Nc6 8. Nxc6 bxc6 9. e5 h6 10. Bh4 g5 11. Bg3 Nd5 12. fxg5 Nxc3 13. bxc3 Qxg5 14. exd6 Qe3+ 15. Be2 Qxc3+ 16. Kf1 Rg8 17. Rb1 Rg5 18. Rb3 Rf5+ 19. Bf3 Qc5 20. Bf2 Qc4+ 21. Kg1 Rb5 22. h4 Kd7 23. h5 Rxb3 24. axb3 Qb5 25. Rh4 Rb8 26. Rc4 Bb7 27. Bc5 Bg7 28. Be2 Qa5 29. b4 Qa2 30. Rf4 f5 31. Qd2 Rg8 32. Bc4 Qa1+ 33. Rf1 Qc3 34. Qe2 Bd4+ 35. Kh1 Re8 36. Rf3 Qa1+ 37. Rf1 Qc3 38. Re1 e5 39. Rf1 Qg3 40. Rf3 Qg4 41. Bf7 Rf8 42. Bg6 Qh4+ 43. Rh3 Qf4 44. Bxd4 Qxd4 45. Rd3 Qh4+ 46. Kg1 e4 47. Rd1 Qg5 48. c4 c5 49. bxc5 e3 50. Qb2 Bf3 51. Qg7+ Ke6 52. Qe7+ Qxe7 53. dxe7 Kxe7 54. gxf3 f4 55. Kf1 a5 56. Ke2 a4 57. c6 Rc8 58. Be4 Rg8 59. Ra1 Rg2+ 60. Kd3 e2 61. Re1 a3 62. Kc3 a2 63. Kb2 1-0

[Event "HUN-chT2 Szechenyi 0910"]
[Site "Hungary"]
[Date "2010.03.21"]
[Round "8.5"]
[White "Bodnar, Zoltan"]
[Black "Vajda, Lajos"]
[Result "1-0"]
[WhiteElo "2169"]
[BlackElo "2035"]
[PlyCount "55"]
[EventDate "2009.11.08"]
[EventType "team-tourn"]
[EventRounds "11"]
[EventCountry "HUN"]
[SourceTitle "EXT 2011"]
[Source "ChessBase"]
[SourceDate "2010.11.26"]
[SourceVersion "1"]
[SourceVersionDate "2010.11.26"]
[SourceQuality "1"]
[WhiteTeam "BSC"]
[BlackTeam "Kertvaros"]
[WhiteTeamCountry "HUN"]
[BlackTeamCountry "HUN"]

1. d4 d5 2. c4 Nf6 3. Nc3 c6 4. e3 e6 5. Nf3 Bd6 6. Be2 0-0 7. 0-0 Nbd7 8. b3 Re8 9. Bb2 Qe7 10. Re1 Ba3 11. Bxa3 Qxa3 12. Nd2 Qd6 13. e4 dxe4 14. Ndxe4 Nxe4 15. Nxe4 Qf4 16. g3 Qc7 17. f4 b6 18. Bh5 Nf8 19. c5 Ba6 20. Nd6 Re7 21. Qc2 Rd8 22. f5 Rxd6 23. cxd6 Qxd6 24. Qe4 Nd7 25. fxe6 Rxe6 26. Qf4 Qe7 27. Rxe6 Qxe6 28. Bg4 1-0

[Event "HUN-chT2 Szechenyi 0910"]
[Site "Hungary"]
[Date "2010.02.28"]
[Round "7.6"]
[White "Bodnar, Zoltan"]
[Black "Solymosi, Istvan"]
[Result "0-1"]
[WhiteElo "2169"]
[BlackElo "2171"]
[PlyCount "98"]
[EventDate "2009.11.08"]
[EventType "team-tourn"]
[EventRounds "11"]
[EventCountry "HUN"]
[SourceTitle "EXT 2011"]
[Source "ChessBase"]
[SourceDate "2010.11.26"]
[SourceVersion "1"]
[SourceVersionDate "2010.11.26"]
[SourceQuality "1"]
[WhiteTeam "BSC"]
[BlackTeam "Gyor Elektromos"]
[WhiteTeamCountry "HUN"]
[BlackTeamCountry "HUN"]

1. d4 Nf6 2. c4 c5 3. d5 b5 4. Qc2 g6 5. e4 d6 6. cxb5 a6 7. Nc3 Bg7 8. Nf3 0-0 9. a4 Nbd7 10. Be2 axb5 11. Nxb5 Ba6 12. 0-0 Qb6 13. Bf4 Rfb8 14. Nd2 Qb7 15. Nb3 Qb6 16. Bd2 Bb7 17. Ra3 Ne5 18. Rfa1 Qd8 19. Bc3 Ned7 20. f3 Ne8 21. Bxg7 Nxg7 22. Nd2 f5 23. Nc4 Ba6 24. Bd3 fxe4 25. fxe4 Ne8 26. Qd2 Nef6 27. Na5 Qb6 28. Nc6 c4+ 29. Kh1 cxd3 30. Nxe7+ Kf7 31. Nc6 Bxb5 32. Nxb8 Rxb8 33. axb5 Qxb5 34. Rf1 Kg7 35. Ra7 Qb6 36. Ra3 Nxe4 37. Qe1 Ndf6 38. Rxd3 Qxb2 39. Re3 Re8 40. h3 Qe5 41. Kg1 Nxd5 42. Ra3 Ndf6 43. Ra7+ Re7 44. Ra8 Qd4+ 45. Kh2 Qe5+ 46. Kg1 d5 47. Qh4 Ng3 48. Rd1 Ne2+ 49. Kh1 Ne4 0-1